[Event "Arrasate Hiria op 11th"]
[Site "Arrasate"]
[Date "2011.11.11"]
[Round "5.8"]
[White "Uriarte Sanchez, Oier"]
[Black "Regillaga Otano, Jon"]
[Result "1-0"]
[WhiteElo "588"]
[BlackElo "1896"]
[PlyCount "55"]
[EventDate "2011.10.14"]
[EventType "swiss"]
[EventRounds "6"]
[EventCountry "ESP"]
[SourceTitle "EXT 2024"]
[Source "ChessBase"]
[SourceDate "2023.10.10"]
[SourceVersion "1"]
[SourceVersionDate "2023.10.10"]
[SourceQuality "1"]

1. e4 e6 2. d4 d5 3. e5 c5 4. Nf3 Bd7 5. Nc3 Nc6 6. Be3 cxd4 7. Nxd4 Nxe5 8. Bb5 a6 9. Bxd7+ Nxd7 10. f4 Bd6 11. Qd2 Nh6 12. 0-0-0 Rc8 13. h3 Bb4 14. Nde2 Nf5 15. a3 Nxe3 16. Qxe3 Bc5 17. Nd4 Qf6 18. Nxd5 Qg6 19. f5 Bxd4 20. Qxd4 Qxf5 21. Ne3 Qb5 22. Qxg7 Ke7 23. Rhe1 Nb6 24. c4 Qh5 25. g4 Qg6 26. Nf5+ Qxf5 27. gxf5 Nxc4 28. f6+ 1-0